La Ciudad Infantil (Record no. 44239)
[ view plain ]
| 000 -LEADER | |
|---|---|
| campo de control de longitud fija | 00810nam a2200181 i 4500 |
| 001 - NÚMERO DE CONTROL | |
| campo de control | 44239 |
| 003 - IDENTIFICADOR DE NÚMERO DE CONTROL | |
| campo de control | ES-MaACL |
| 005 - FECHA Y HORA DE LA ÚLTIMA TRANSACCIÓN | |
| campo de control | 20230906161002.0 |
| 007 - CAMPO FIJO DE DESCRIPCIÓN FÍSICA--INFORMACIÓN GENERAL | |
| campo de control de longitud fija | t| |
| 008 - DATOS DE LONGITUD FIJA--INFORMACIÓN GENERAL | |
| campo de control de longitud fija | 030320s1924 sp ||||1| spa d |
| 245 03 - MENCIÓN DEL TÍTULO | |
| Título | La Ciudad Infantil |
| Resto del título | : primeros documentos y acuerdos relacionados con el proyecto de fundación de una colonia escolar permanente en el paseo de los Pontones de esta Corte, como ensayo de una acción pedagógica y social encaminada al mejoramiento de la raza. |
| 260 ## - PUBLICACIÓN, DISTRIBUCIÓN, ETC. | |
| Lugar de publicación, distribución, etc. | Madrid : |
| Nombre del editor, distribuidor, etc. | Colegio de Doctores de Madrid, |
| Fecha de publicación, distribución, etc. | 1924 ( |
| Fabricante | Imp. de Jesús López) |
| 300 ## - DESCRIPCIÓN FÍSICA | |
| Extensión | 35 p., [3] h. de lám. ; |
| Dimensiones | 24 cm. |
| 490 1# - MENCIÓN DE SERIE | |
| Mención de serie | Publicación del Colegio de Doctores de Madrid |
| 830 0# - PUNTO DE ACCESO ADICIONAL DE SERIE-TÍTULO UNIFORME | |
| Título uniforme | Publicación del Colegio de Doctores de Madrid |
| 9 (RLIN) | 229889 |
| 852 ## - LOCALIZACIÓN | |
| Ubicación | ES-MaACL |
| Número de control de estantería | 1680-F-17 |
| Estatus retirado | Estado de pérdida | Estado de daño | No para préstamo | Colección | Biblioteca de origen | Biblioteca actual | Ubicación en estantería | Fecha de adquisición | Fuente de adquisición | Total de préstamos | Signatura topográfica completa | Código de barras | Visto por última vez | Precio de reemplazo | Tipo de ítem Koha |
|---|---|---|---|---|---|---|---|---|---|---|---|---|---|---|---|
| Colección de folletos | Biblioteca del Ateneo de Madrid | Biblioteca del Ateneo de Madrid | Depósito folletos | 17/01/2008 | 1680-F-17 | 1046558 | 23/02/2023 | 23/02/2023 | Folleto |
